| 000 | 00461nam a2200169 i 4500 | ||
|---|---|---|---|
| 001 | bg | ||
| 100 | 1 | _aGOMELLA, Cyril | |
| 245 | 0 |
_aLe traitement des eaux de distribution, par... / _cCyril Gomella, Henri Guerre. |
|
| 260 |
_aParis : _bEyrolles, _c1973. |
||
| 300 |
_as. XII, 204 : _brys., tabl. [w tym] nlb. 1. |
||
| 700 | 1 | _aGUERRE, Henri | |
| 040 | _cBPK | ||
| 041 | _apol | ||
| 080 | _a628.3 | ||
| 942 | _cKS | ||
| 008 | s pl f |000 0 pol | ||
| 999 |
_c27297 _d27297 |
||
| 856 |
_uhttp://koha.tu.koszalin.pl/cgi-bin/koha/opac-detail.pl?biblionumber=27297 _yKatalog online BPK |
||